000 01421nam a2200337 a 4500
001 00155
003 DO-SdBNP
005 20180314115948.0
007 00155
008 160406b dr 20uu||| |||| 00| 0 spa d
040 _aBPMSU
_bspa
_cBPMSU
092 _a372.7
_bP349m 4to. 2007
100 1 _aPeña Geraldino, Rafael
245 1 0 _aMatemática 4 :
_beducación media /
_c Rafael Peña Geraldino
250 _a3a ed.
260 _aSanto Domingo :
_bSecretaría de Estado de Educación
_c2007
300 _a407 p. :
_bretrs. ;
_c28 cm.
500 _aGestión educativa 2004-2008
505 _tConjuntos de los números naturales --
_tPolinomios --
_tFactorización --
_tFunciones --
_tEcuaciones --
_tSistemas de ecuaciones --
_tAnálisis combinatorio --
_tSucesiones --
_tLímite de una función de manera intuitiva y aproximada --
_tEstadística --
_tLógica --
_tTransformaciones geométricas --
650 4 _aMATEMÁTICAS
_xENSEÑANZA BÁSICA
650 4 _aMATEMÁTICAS
_xESTUDIO Y EJERCICIOS
650 4 _aMATEMÁTICAS
_xEDUCACIÓN PRIMARIA
650 4 _aEDUCACIÓN PRIMARIA
_zREPÚBLICA DOMINICANA
650 4 _aMATEMÁTICAS
_xLIBROS DE TEXTOS
700 1 2 _aMolinaza, José
_ecoord.
910 _aValidado. Control de calidad MFF
942 _2ddc
_cBK
945 _a Remanejada para la BNPHU / 2018 VM
956 _aVMATEO
_b10
_c20150707
_lBPMSU
_h00151
956 _aBTAVÁREZ
_b10
_c20160407
_l00155
999 _c9606
_d9606